Normal view MARC view

Entry Nombre corporativo

Number of records used in: 1

001 - NÚMERO DE CONTROL

  • campo de control: 16786

003 - IDENTIFICADOR DE NÚMERO DE CONTROL

  • campo de control: OSt

005 - FECHA Y HORA DE LA ÚLTIMA TRANSACCIÓN

  • campo de control: 20221005155759.0

008 - ELEMENTOS DE DATO DE LONGITUD-FIJA

  • campo de control de longitud fija: 221005|| aca||aabn | a|a d

040 ## - FUENTE DE CATALOGACIÓN

  • Centro catalogador/agencia de origen: OSt
  • Centro/agencia transcriptor: OSt

110 ## - ENCABEZAMIENTO-NOMBRE DE ENTIDAD CORPORATIVA

  • Nombre de entidad corporativa o nombre de jurisdicción como elemento de entrada: CONGRESO INTERNACIONAL DE ESTUDIOS DE GENERO Y POLITICAS DE IGUALDAD
  • Sede del congreso/Lugar de la reunión: Granada
  • Fecha del congreso o de la firma del tratado: 2006
  • Número del congreso/reunión o número de parte o sección:

670 ## - FUENTE DE DATOS ENCONTRADOS

  • Cita de la fuente: Work cat.: (OSt)16746: CONGRESO INTERNACIONAL DE ESTUDIOS DE GENERO Y POLITICAS DE IGUALDAD Granada 2006 1º, Indicadores de género y Estado del Bienestar :, D.L. 2007

Powered by Koha